Marlborough and the rise of the British army, (Record no. 552070)

000 -LEADER
fixed length control field 00466cam a2200133u 4500
082 ## - DEWEY DECIMAL CLASSIFICATION NUMBER
Classification number 335.00942
Author Mark ATK
100 1# - MAIN ENTRY--PERSONAL NAME
Personal name Atkinson, Christopher Thomas. [from old catalog]
9 (RLIN) 49277
245 00 - TITLE STATEMENT
Title Marlborough and the rise of the British army,
260 ## - PUBLICATION, DISTRIBUTION, ETC.
Place of publication, distribution, etc. New York and London,
Name of publisher, distributor, etc. G. P. Putnam's sons,
Date of publication, distribution, etc. 1921.
300 ## - PHYSICAL DESCRIPTION
Extent xviii p., 1 l.,
Other physical details 546 p. front., ports., xvi fold. maps.
Dimensions 23 cm.
526 ## - STUDY PROGRAM INFORMATION NOTE
Program name 0
Interest level 0
Reading level 0
Title point value 335_009420000000000_ATK
650 ## - SUBJECT ADDED ENTRY--TOPICAL TERM
Topical term or geographic name entry element MCE
9 (RLIN) 379
942 ## - ADDED ENTRY ELEMENTS (KOHA)
Source of classification or shelving scheme
Koha item type Book
Holdings
Withdrawn status Lost status Source of classification or shelving scheme Damaged status Not for loan Permanent Location Current Location Shelving location Date acquired Total Checkouts Full call number Barcode Date last seen Price effective from Koha item type
          Military College of Engineering (MCE) Military College of Engineering (MCE)   01/06/2015   335.00942 ATK MCE-ECM/117.2 01/06/2015 01/06/2015 Book
© 2023 Central Library, National University of Sciences and Technology. All Rights Reserved.